Which countries do you cross? Caracas - Kuala Lumpur - Statistics

General Stats
  • This quiz has been taken 112 times
  • The average score is 10 of 16
Answer Stats
Km Country % Correct
1 Venezuela
93%
1705 India
78%
92 Malaysia
78%
742 Russia
66%
588 France
61%
516 Pakistan
61%
423 Germany
56%
610 Afghanistan
55%
448 Kazakhstan
55%
75 Uzbekistan
54%
1159 Ukraine
51%
364 Poland
50%
830 Turkmenistan
49%
47 Belgium
48%
49 Luxembourg
48%
397 Czechia
47%
No matching quizzes found
Score Distribution
Percent of People with Each Score
Percentile by Number Answered
Your Score History
You have not taken this quiz